| 000 | 00807nas a2200241 i 4500 | ||
|---|---|---|---|
| 001 | 1686 | ||
| 003 | ES-MaACL | ||
| 005 | 20250809062529.0 | ||
| 008 | 950801d19051932sp s| | 1 |spa d | ||
| 080 | _a460 | ||
| 245 | 0 | 3 |
_aEl Procurador español _b: revista jurídica. |
| 260 |
_aMadrid : _b[El Procurador español], _c1905-[1932?] ( _fEst. Tip. Góngora) |
||
| 300 |
_a10 v. : _bil. ; _c24 cm. |
||
| 310 | _aQuincenal | ||
| 362 | 0 | _aAño 1, n. 1 (en. 1905)- -[1932?] | |
| 594 | _aVariaciones en el subtít. y en el formato. | ||
| 650 | 1 | 7 |
_aDerecho _2embne _911602 |
| 650 | 4 |
_aProcuradores de los tribunales- _zEspaña. _9148127 |
|
| 740 | 3 | 2 | _aEl Procurador español : revista profesional. |
| 852 |
_aES-MaACL _jHEM-H-34 _xhem-1093 _d |
||
| 866 | 0 | _o1917-18,1920-28. | |
| 999 |
_c1686 _d1686 |
||